[Event "6th EUR-ch (w)"]
[Site "Chisinau MDA"]
[Date "2005.06.21"]
[Round "10"]
[White "Kononenko, Tatiana"]
[Black "Houska, Jovanka"]
[Result "1/2-1/2"]
[WhiteElo "2416"]
[BlackElo "2334"]
[EventDate "2005.06.10"]
[PlyCount "61"]

1.d4 d5 2.c4 c6 3.Nf3 Nf6 4.e3 Bf5 5.Nc3 e6 6.Nh4 Bg6 7.Nxg6 hxg6 8.Bd2 
Nbd7 9.Be2 Bd6 10.Qc2 Qc7 11.h3 dxc4 12.Bxc4 Nb6 13.Bb3 a6 14.e4 e5 15.
dxe5 Bxe5 16.Ne2 Qe7 17.f4 Bc7 18.e5 Nfd5 19.O-O-O O-O-O 20.Rhe1 Kb8 21.
Kb1 Rd7 22.a3 Rhd8 23.Nc1 Qh4 24.Qe4 c5 25.Qf3 c4 26.Bc2 c3 27.Bxc3 Nxc3+ 
28.Qxc3 Rxd1 29.Rxd1 Rxd1 30.Bxd1 Qxf4 31.e6 1/2-1/2

[Event "6th EUR-ch (w)"]
[Site "Chisinau MDA"]
[Date "2005.06.21"]
[Round "10"]
[White "Hryhorenko, Natalia"]
[Black "Danielian, Elina"]
[Result "0-1"]
[WhiteElo "2294"]
[BlackElo "2415"]
[EventDate "2005.06.10"]
[PlyCount "72"]

1.d4 d5 2.Nf3 Nf6 3.c4 c6 4.g3 dxc4 5.Bg2 Nbd7 6.a4 a5 7.O-O g6 8.Na3 Nb6 
9.Ne5 Be6 10.e4 Bg7 11.Be3 O-O 12.Rc1 Ra6 13.f3 Qc8 14.Nexc4 Rd8 15.Nxb6 
Rxb6 16.Qe2 Rb4 17.d5 Bxd5 18.exd5 Nxd5 19.Bc5 Rxb2 20.Qe1 b6 21.Bf2 Nb4 
22.Qe4 Rdd2 23.Nc4 Re2 24.Nxb2 Rxe4 25.fxe4 Bxb2 26.Rb1 Nd3 27.Bxb6 Qa6 
28.Be3 Qc4 29.Kh1 Kg7 30.Rbd1 Bd4 31.Bxd4+ Qxd4 32.Rd2 Qe3 33.Rc2 c5 34.
Bf3 Qd4 35.Kg2 Qxa4 36.Rd2 Ne5 0-1

[Event "6th EUR-ch (w)"]
[Site "Chisinau MDA"]
[Date "2005.06.21"]
[Round "10"]
[White "Socko, Monika"]
[Black "Shumiakina, Tatiana"]
[Result "1/2-1/2"]
[WhiteElo "2464"]
[BlackElo "2316"]
[EventDate "2005.06.10"]
[PlyCount "82"]

1.d4 d5 2.c4 c6 3.e3 Nf6 4.Nc3 e6 5.Bd2 Nbd7 6.Rc1 Bd6 7.c5 Bc7 8.f4 O-O 
9.Nf3 b6 10.b4 a5 11.cxb6 Nxb6 12.b5 cxb5 13.Nxb5 Bb8 14.Bd3 Ne4 15.O-O 
Bd7 16.a4 Nxd2 17.Nxd2 Bxb5 18.Bxb5 Bd6 19.Nb3 Bb4 20.f5 exf5 21.Rxf5 g6 
22.Rf1 Qe7 23.Qd3 Rac8 24.Nd2 Rxc1 25.Rxc1 Rc8 26.Rxc8+ Nxc8 27.Nf1 Qc7 
28.Qb3 Nb6 29.Qd1 Kg7 30.g4 Qe7 31.Qf3 Qf6 32.Qxf6+ Kxf6 33.Kf2 Kg5 34.Kf3
f5 35.gxf5 Kxf5 36.Bc6 Ke6 37.h3 Nc4 38.Ng3 Kd6 39.Be8 Be1 40.Nf1 Nd2+ 41.
Nxd2 Bxd2 1/2-1/2

[Event "6th EUR-ch (w)"]
[Site "Chisinau MDA"]
[Date "2005.06.21"]
[Round "10"]
[White "Pogonina, Natalia"]
[Black "Kosintseva, Tatiana"]
[Result "1/2-1/2"]
[WhiteElo "2355"]
[BlackElo "2486"]
[EventDate "2005.06.10"]
[PlyCount "141"]

1.e4 g6 2.d4 Bg7 3.Nf3 d6 4.Be2 Nd7 5.O-O e6 6.Nc3 Ne7 7.Be3 b6 8.Qd2 h6 
9.h3 Bb7 10.a4 a6 11.Nh2 c5 12.Rfd1 Qc7 13.a5 c4 14.axb6 Nxb6 15.Ra3 d5 
16.e5 Nf5 17.Ng4 h5 18.Nf6+ Bxf6 19.exf6 Nxe3 20.fxe3 Nd7 21.Rf1 g5 22.Qe1
Rh6 23.Na4 Nxf6 24.Nc5 Nd7 25.Nxd7 Qxd7 26.Qg3 Qe7 27.c3 h4 28.Qh2 Rc8 29.
b4 f6 30.Bg4 f5 31.Bd1 Qc7 32.Qxc7 Rxc7 33.Ra5 Ke7 34.Rf2 Kd6 35.Rb2 Rh8 
36.Be2 Ra8 37.Rba2 Re8 38.Kf2 Rc6 39.Bd1 Rb6 40.Be2 Rb5 41.Rxb5 axb5 42.
Ra5 Kc6 43.Bh5 Re7 44.Ra2 Kb6 45.Bf3 Rg7 46.Ra1 Bc6 47.Be2 Kb7 48.Rg1 g4 
49.g3 hxg3+ 50.Rxg3 Rg8 51.hxg4 fxg4 52.Bxg4 Ra8 53.Bxe6 Ra3 54.e4 dxe4 
55.Re3 Kc7 56.Kg3 Kd6 57.Bf5 Ra8 58.Bxe4 Rg8+ 59.Kf2 Bd7 60.Rf3 Rh8 61.Ke3
Rh2 62.Rf6+ Ke7 63.Rf3 Kd6 64.Rg3 Rh4 65.Rg6+ Ke7 66.d5 Kf8 67.Rb6 Ke7 68.
Ra6 Rh3+ 69.Kd4 Rh4 70.Ke3 Rh3+ 71.Kd4 1/2-1/2

[Event "6th EUR-ch (w)"]
[Site "Chisinau MDA"]
[Date "2005.06.21"]
[Round "10"]
[White "Dzagnidze, Nana"]
[Black "Vasilevich, Irina"]
[Result "0-1"]
[WhiteElo "2482"]
[BlackElo "2347"]
[EventDate "2005.06.10"]
[PlyCount "78"]

1.e4 c5 2.b3 Nc6 3.Bb2 d6 4.Bb5 Bd7 5.f4 Nf6 6.Bxc6 Bxc6 7.d3 e6 8.Nf3 Be7
9.O-O O-O 10.Nbd2 b5 11.Qe1 Rb8 12.Qg3 a5 13.e5 Ne8 14.exd6 Bxd6 15.Ne5 
Ba8 16.Ne4 Be7 17.Rae1 Bh4 18.Qe3 Bxe1 19.Rxe1 Bxe4 20.dxe4 Rc8 21.Qe2 Nf6
22.Qxb5 Qd2 23.Re2 Qxf4 24.g3 Qg5 25.Qxa5 Qh5 26.Qe1 Rfd8 27.Kg2 Ng4 28.
Nf3 c4 29.b4 c3 30.Bc1 Qb5 31.a3 Ne5 32.Nxe5 Qxe5 33.Bf4 Qd4 34.Kf3 e5 35.
Be3 Qc4 36.Bc5 Ra8 37.Qc1 Ra6 38.Qe3 Rf6+ 39.Kg2 Rd2 0-1

[Event "6th EUR-ch (w)"]
[Site "Chisinau MDA"]
[Date "2005.06.21"]
[Round "10"]
[White "Zielinska, Marta"]
[Black "Gvetadze, Sopio"]
[Result "1-0"]
[WhiteElo "2419"]
[BlackElo "2283"]
[EventDate "2005.06.10"]
[PlyCount "142"]

1.f4 g6 2.Nf3 Bg7 3.g3 d5 4.Bg2 c5 5.d3 Nc6 6.c3 e6 7.O-O Nge7 8.Na3 O-O 
9.e4 b6 10.Qe2 Ba6 11.e5 h5 12.Bd2 Nf5 13.Nc2 Qd7 14.Be1 f6 15.Bf2 fxe5 
16.fxe5 Nh6 17.b4 Ng4 18.bxc5 Nxf2 19.Rxf2 bxc5 20.Bh3 Rae8 21.Raf1 Qe7 
22.Nce1 g5 23.g4 Rf4 24.Nxg5 Rxf2 25.Qxf2 Nxe5 26.Qe3 hxg4 27.Bg2 d4 28.
Qc1 Bh6 29.Qa3 Bxd3 30.Nxd3 Nxd3 31.Ne4 Be3+ 32.Kh1 Rf8 33.cxd4 Rxf1+ 34.
Bxf1 Nf2+ 35.Kg2 Bxd4 36.Nxf2 Qb7+ 37.Kg1 Qe4 38.Qg3 c4 39.Qb8+ Kf7 40.
Qc7+ Kf6 41.Qxc4 g3 42.hxg3 Qe3 43.Qe2 Qxg3+ 44.Bg2 Ke7 45.Qf3 Qg5 46.Qb7+
Kf6 47.Qf3+ Ke7 48.Qa3+ Kf7 49.Kf1 Qd2 50.Qf3+ Ke7 51.Qe2 Qf4 52.Bf3 Qg3 
53.Bg2 Qf4 54.Bh3 e5 55.Kg2 Kd8 56.Qc2 Qg5+ 57.Kf1 Qh6 58.Qc8+ Ke7 59.Qd7+
Kf8 60.Qf5+ Ke7 61.Qf3 Qa6+ 62.Qe2 Qg6 63.Bg4 Qc6 64.Bf3 Qg6 65.Ng4 Kd6 
66.Kg2 Qb1 67.Qa6+ Bb6 68.Qc4 Qb2+ 69.Kh3 Qd2 70.Qc6+ Ke7 71.Qf6+ Ke8 1-0

[Event "6th EUR-ch (w)"]
[Site "Chisinau MDA"]
[Date "2005.06.21"]
[Round "10"]
[White "Bojkovic, Natasa"]
[Black "Khurtsidze, Nino"]
[Result "0-1"]
[WhiteElo "2371"]
[BlackElo "2418"]
[EventDate "2005.06.10"]
[PlyCount "80"]

1.e4 c5 2.Nf3 d6 3.d4 cxd4 4.Nxd4 Nf6 5.Nc3 a6 6.Bg5 e6 7.f4 Be7 8.Qf3 Qc7
9.O-O-O Nbd7 10.Bd3 b5 11.Rhe1 Bb7 12.Kb1 Rc8 13.Nce2 Nb6 14.g4 Nc4 15.
Bxf6 Bxf6 16.g5 Be7 17.h4 Qa5 18.Nb3 Qb6 19.f5 exf5 20.Nc3 Ne5 21.Qxf5 
Rxc3 22.bxc3 O-O 23.Rf1 Qc7 24.Qf2 Bc8 25.Qd4 Bg4 26.Rc1 Rc8 27.Rf4 Be6 
28.Rg1 Bd8 29.Be2 Be7 30.h5 Qd8 31.g6 hxg6 32.hxg6 Nxg6 33.Bh5 Rc4 34.Qf2 
Nxf4 35.Qxf4 Bf6 36.Nd4 Bxd4 37.cxd4 Rxd4 38.Qh6 Qf8 39.Bf3 d5 40.c3 dxe4 
0-1

[Event "6th EUR-ch (w)"]
[Site "Chisinau MDA"]
[Date "2005.06.21"]
[Round "10"]
[White "Kursova, Maria"]
[Black "Sebag, Marie"]
[Result "0-1"]
[WhiteElo "2300"]
[BlackElo "2417"]
[EventDate "2005.06.10"]
[PlyCount "100"]

1.d4 d5 2.Nf3 Nf6 3.c4 c6 4.e3 Bf5 5.Nc3 e6 6.Nh4 Be4 7.f3 Bg6 8.Qb3 Qb6 
9.Nxg6 hxg6 10.Kf2 Nbd7 11.Bd2 Be7 12.g3 O-O 13.cxd5 exd5 14.Bh3 Rfd8 15.
Rac1 Qa6 16.Bf1 b5 17.a4 Qb7 18.Na2 b4 19.a5 c5 20.Qa4 Rab8 21.Bg2 g5 22.
Rhd1 c4 23.Re1 Nf8 24.e4 Ne6 25.e5 Ne8 26.Be3 Qb5 27.Qd1 Qxa5 28.Ra1 Qb6 
29.Nc1 b3 30.Ne2 g6 31.Rf1 N8g7 32.g4 f6 33.exf6 Bxf6 34.Qd2 Ne8 35.Qa5 
N8c7 36.Qxa7 Qxa7 37.Rxa7 Nb5 38.Ra6 Kf7 39.Rd1 Ra8 40.Rb6 Rab8 41.Rxb8 
Rxb8 42.f4 gxf4 43.Nxf4 Nxf4 44.Bxf4 Rd8 45.Be3 c3 46.Bf1 c2 47.Ra1 Nc3 
48.Ra7+ Kg8 49.Rc7 Nd1+ 50.Kf3 Nxe3 0-1

[Event "6th EUR-ch (w)"]
[Site "Chisinau MDA"]
[Date "2005.06.21"]
[Round "10"]
[White "Jackova, Jana"]
[Black "Zakurdyaeva, Irina"]
[Result "1/2-1/2"]
[WhiteElo "2406"]
[BlackElo "2260"]
[EventDate "2005.06.10"]
[PlyCount "37"]

1.e4 e6 2.d4 d5 3.Nc3 Bb4 4.e5 c5 5.a3 Bxc3+ 6.bxc3 Ne7 7.Bd3 Nbc6 8.Qg4 
c4 9.Be2 O-O 10.Nh3 f6 11.f4 Nf5 12.O-O Bd7 13.Bd2 Be8 14.Kh1 Bg6 15.Ng1 
Qe7 16.Qh3 Nh6 17.Rfc1 Be4 18.Bf3 f5 19.Qg3 1/2-1/2

[Event "6th EUR-ch (w)"]
[Site "Chisinau MDA"]
[Date "2005.06.21"]
[Round "10"]
[White "Lomineishvili, Maia"]
[Black "Charochkina, Daria"]
[Result "1-0"]
[WhiteElo "2396"]
[BlackElo "2183"]
[EventDate "2005.06.10"]
[PlyCount "97"]

1.d4 d5 2.c4 c6 3.Nf3 Nf6 4.e3 e6 5.Bd3 Nbd7 6.O-O dxc4 7.Bxc4 b5 8.Bd3 
Bb7 9.a4 bxa4 10.Qxa4 Bd6 11.Ba6 Qc7 12.Bxb7 Qxb7 13.Nbd2 O-O 14.e4 e5 15.
Nc4 Qc7 16.Bd2 exd4 17.Ba5 Qb8 18.Rfe1 Bf4 19.g3 Be5 20.Qxc6 Rc8 21.Qa4 
Nc5 22.Qd1 Nfd7 23.Nxd4 Bxd4 24.Qxd4 Nb3 25.Qxd7 Rxc4 26.Ra3 Nxa5 27.Rxa5 
Qb4 28.Rea1 Rxe4 29.Rxa7 Rf8 30.Qd5 Rd4 31.Qb7 h6 32.Kg2 Qd6 33.R1a6 Qb4 
34.Ra3 Kh7 35.Rf3 Qc4 36.b3 Qe2 37.Re3 Qc2 38.Rf3 Qe2 39.Re3 Qc2 40.Qf3 
Kg8 41.Rxf7 Rxf7 42.Re8+ Kh7 43.Qxf7 Qc6+ 44.Kh3 Rd6 45.Qf5+ Rg6 46.Re4 
Qc2 47.b4 Qb1 48.Kg2 Qd3 49.h4 1-0

[Event "6th EUR-ch (w)"]
[Site "Chisinau MDA"]
[Date "2005.06.21"]
[Round "10"]
[White "Klinova, Masha"]
[Black "Srebrnic, Ana"]
[Result "1/2-1/2"]
[WhiteElo "2391"]
[BlackElo "2221"]
[EventDate "2005.06.10"]
[PlyCount "96"]

1.d4 Nf6 2.c4 g6 3.Nf3 Bg7 4.g3 O-O 5.Bg2 d6 6.O-O Nbd7 7.Nc3 a6 8.b3 Rb8 
9.a4 c6 10.a5 b5 11.axb6 Qxb6 12.Rb1 c5 13.Na4 Qc7 14.e3 Nb6 15.Ra1 Nxa4 
16.Rxa4 Qb6 17.Ra3 Ne4 18.Bb2 h5 19.Ne1 Ng5 20.h4 Ne6 21.Nc2 Nd8 22.dxc5 
Qxc5 23.Bd4 Qc7 24.Qa1 Ne6 25.Bxg7 Nxg7 26.Qc3 Bb7 27.Rfa1 Bxg2 28.Kxg2 
Rfc8 29.e4 Qb7 30.f3 e6 31.Qd3 d5 32.Ne3 dxc4 33.Nxc4 Rd8 34.Nd6 Qb4 35.
Rxa6 Qxb3 36.Qxb3 Rxb3 37.Ra8 Rb2+ 38.Kh3 Rbb8 39.Rxb8 Rxb8 40.Ra7 Rf8 41.
Re7 f6 42.Rd7 Ra8 43.f4 Ne8 44.Nxe8 Rxe8 45.e5 fxe5 46.fxe5 Ra8 47.Rd3 Ra5
48.Re3 Ra4 1/2-1/2

[Event "6th EUR-ch (w)"]
[Site "Chisinau MDA"]
[Date "2005.06.21"]
[Round "10"]
[White "Tsereteli, Tamara"]
[Black "Demina, Yulia"]
[Result "1/2-1/2"]
[WhiteElo "2273"]
[BlackElo "2346"]
[EventDate "2005.06.10"]
[PlyCount "29"]

1.e4 c5 2.Nf3 d6 3.d4 Nf6 4.Nc3 cxd4 5.Nxd4 a6 6.Be2 e5 7.Nb3 Be7 8.Be3 
Be6 9.Nd5 Nbd7 10.Qd3 Bxd5 11.exd5 Nc5 12.Nxc5 dxc5 13.c4 e4 14.Qc2 Qc7 
15.f3 1/2-1/2

[Event "6th EUR-ch (w)"]
[Site "Chisinau MDA"]
[Date "2005.06.21"]
[Round "10"]
[White "Nebolsina, Vera"]
[Black "Sedina, Elena"]
[Result "0-1"]
[WhiteElo "2302"]
[BlackElo "2422"]
[EventDate "2005.06.10"]
[PlyCount "74"]

1.Nf3 Nf6 2.d3 d5 3.Nbd2 Nc6 4.e4 e5 5.Be2 Bc5 6.O-O O-O 7.c3 dxe4 8.dxe4 
a5 9.h3 Qe7 10.Qc2 Nh5 11.Nc4 Nf4 12.Bxf4 exf4 13.Qd2 g5 14.Qd5 h6 15.e5 
Rd8 16.Qe4 f5 17.Qc2 Be6 18.Ncd2 Kg7 19.Nb3 Bb6 20.Bb5 a4 21.Nc1 g4 22.
Bxc6 bxc6 23.Nd4 Bxd4 24.cxd4 Rxd4 25.Rd1 Rxd1+ 26.Qxd1 gxh3 27.Qf3 hxg2 
28.Qxf4 Bd5 29.e6 Qxe6 30.Nd3 Re8 31.Qxc7+ Re7 32.Qa5 Qf6 33.Qxa4 Be4 34.
Nf4 Kh7 35.Re1 Qh4 36.Nxg2 Rg7 37.Rxe4 fxe4 0-1

[Event "6th EUR-ch (w)"]
[Site "Chisinau MDA"]
[Date "2005.06.21"]
[Round "10"]
[White "Malysheva, Polina"]
[Black "Vajda, Szidonia"]
[Result "0-1"]
[WhiteElo "2301"]
[BlackElo "2391"]
[EventDate "2005.06.10"]
[PlyCount "86"]

1.e4 e5 2.Nf3 Nc6 3.Bb5 a6 4.Ba4 Nf6 5.O-O Be7 6.Re1 b5 7.Bb3 O-O 8.c3 d5 
9.d4 dxe4 10.Nxe5 Bb7 11.Nd2 Nxe5 12.dxe5 Nd7 13.Nxe4 Nxe5 14.Qh5 Nd3 15.
Ng5 Bxg5 16.Bxg5 Qd7 17.Re7 Qf5 18.Qh4 Nc5 19.Rxc7 Rac8 20.Rxc8 Rxc8 21.
Bd1 Re8 22.Be3 Nd3 23.Bg4 Qg6 24.Rd1 Nxb2 25.Rc1 Nc4 26.Bd4 Nd2 27.Qg3 Qc2
28.Ra1 Qxa2 29.Rd1 Qc2 30.Be3 Ne4 31.Qc7 Nf6 32.Qxb7 Nxg4 33.Qd7 Nf6 34.
Qd6 Ne4 35.Qd7 Nf6 36.Qd6 a5 37.Rd3 a4 38.h3 a3 39.Rd2 Qb1+ 40.Kh2 a2 41.
Bd4 a1=Q 42.Bxf6 Qh1+ 43.Kg3 Qag1 0-1

[Event "6th EUR-ch (w)"]
[Site "Chisinau MDA"]
[Date "2005.06.21"]
[Round "10"]
[White "Matnadze, Ana"]
[Black "Galoian, Lilit"]
[Result "1-0"]
[WhiteElo "2376"]
[BlackElo "2256"]
[EventDate "2005.06.10"]
[PlyCount "175"]

1.e4 c5 2.b3 Nc6 3.Bb2 e5 4.Bb5 d6 5.Bxc6+ bxc6 6.d3 Qg5 7.Qf3 Nf6 8.h3 h5
9.Nd2 Bg4 10.Qe3 Qxe3+ 11.fxe3 Be6 12.Ngf3 Be7 13.a3 Nd7 14.O-O-O O-O-O 
15.d4 f6 16.c4 Kb7 17.d5 Bf7 18.g4 g5 19.Rdg1 hxg4 20.hxg4 Bg6 21.Kd1 Rdf8
22.Ke2 Bd8 23.Bc3 a5 24.Ne1 Nb8 25.Nd3 Kc8 26.Ra1 Bc7 27.Kf3 Kd7 28.Nf2 
Ke7 29.b4 axb4 30.axb4 cxb4 31.Bxb4 c5 32.Bc3 Nd7 33.Ra7 Bb6 34.Ra6 Ra8 
35.Rha1 Rxa6 36.Rxa6 Rb8 37.Nb3 Rb7 38.Na5 Bxa5 39.Bxa5 Nb8 40.Ra8 Kd7 41.
Nd1 Be8 42.Bd2 Kc8 43.Ra1 Rh7 44.Nf2 Bg6 45.Rb1 Rb7 46.Rh1 Rh7 47.Rb1 Ra7 
48.Rh1 Rh7 49.Rf1 Ra7 50.Ke2 Rh7 51.Kd3 Rh2 52.Nd1 Bxe4+ 53.Kxe4 Rxd2 54.
Nc3 Rc2 55.Kd3 Rg2 56.Rxf6 Rxg4 57.Rxd6 Rg1 58.Ne4 Nd7 59.Rc6+ Kd8 60.Nxc5
Nxc5+ 61.Rxc5 g4 62.Ke4 Rc1 63.Rc6 Ke7 64.Kxe5 g3 65.Rg6 Rxc4 66.Rxg3 Rh4 
67.e4 Rh5+ 68.Kd4 Kf6 69.Rf3+ Ke7 70.Ra3 Rh4 71.Ra7+ Kd6 72.Ra6+ Ke7 73.
Ke5 Rh5+ 74.Kf4 Rh4+ 75.Kf5 Rh5+ 76.Kg4 Rh1 77.e5 Rg1+ 78.Kf4 Rf1+ 79.Ke4 
Re1+ 80.Kd4 Rd1+ 81.Kc5 Rc1+ 82.Kb6 Rb1+ 83.Kc7 Rc1+ 84.Rc6 Rd1 85.d6+ Ke6
86.Kc8 Rd4 87.d7+ Ke7 88.Rc7 1-0

[Event "6th EUR-ch (w)"]
[Site "Chisinau MDA"]
[Date "2005.06.21"]
[Round "10"]
[White "Nill, Jessica"]
[Black "Ushenina, Anna"]
[Result "1/2-1/2"]
[WhiteElo "2290"]
[BlackElo "2350"]
[EventDate "2005.06.10"]
[PlyCount "110"]

1.d4 c5 2.d5 g6 3.e4 Bg7 4.Nf3 d6 5.Nc3 Nf6 6.Bb5+ Nbd7 7.a4 O-O 8.h3 Ne8 
9.O-O Nc7 10.Bc4 a6 11.Re1 b6 12.Bf4 Ne5 13.Bf1 Rb8 14.Ra2 Bb7 15.Nb1 
Nxf3+ 16.Qxf3 e5 17.Bc1 f5 18.c4 fxe4 19.Qxe4 Ne6 20.Be3 Nd4 21.Bxd4 cxd4 
22.Bd3 Bc8 23.Qe2 Bh6 24.Nd2 Bxh3 25.Ne4 Bf5 26.b4 Bxe4 27.Bxe4 Qg5 28.Rc2
Rf6 29.c5 bxc5 30.bxc5 dxc5 31.Rxc5 Rbf8 32.Rf1 Qh4 33.g3 Qh3 34.Bg2 Qf5 
35.Qe4 Kh8 36.Rc6 a5 37.Rxf6 Qxf6 38.Qe2 Rb8 39.Re1 Bg7 40.Qc2 Qd6 41.Rb1 
Rxb1+ 42.Qxb1 Bf6 43.Qb5 Bd8 44.Be4 Kg7 45.Kg2 Bc7 46.Bf3 h5 47.Be4 Qe7 
48.Qc6 Bd6 49.Qb5 Bb4 50.Qc6 Qf6 51.Qd7+ Kh6 52.Qb5 Be1 53.Qe2 Bb4 54.Qb5 
Be1 55.Qe2 Bb4 1/2-1/2

[Event "6th EUR-ch (w)"]
[Site "Chisinau MDA"]
[Date "2005.06.21"]
[Round "10"]
[White "Sharevich, Anna"]
[Black "Stepovaya, Tatiana"]
[Result "1-0"]
[WhiteElo "2278"]
[BlackElo "2348"]
[EventDate "2005.06.10"]
[PlyCount "69"]

1.d4 f5 2.Nf3 Nf6 3.c4 d6 4.Nc3 g6 5.Bf4 Bg7 6.e3 O-O 7.h3 e6 8.Be2 Qe7 9.
O-O Nbd7 10.Bh2 b6 11.Nb5 Ne8 12.Nd2 e5 13.c5 Bb7 14.cxd6 cxd6 15.Bf3 e4 
16.Be2 a6 17.Nc3 d5 18.Qb3 Qe6 19.Kh1 g5 20.f3 exf3 21.Bxf3 Nef6 22.e4 
fxe4 23.Ndxe4 Nxe4 24.Nxe4 Rxf3 25.gxf3 Bxd4 26.Nxg5 Qf5 27.Rad1 Bg7 28.
Ne4 Qxh3 29.Rg1 Ne5 30.Ng5 Qd7 31.Qc2 Ng6 32.Nxh7 d4 33.Qxg6 Bxf3+ 34.Rg2 
Bxg2+ 35.Qxg2 1-0

[Event "6th EUR-ch (w)"]
[Site "Chisinau MDA"]
[Date "2005.06.21"]
[Round "10"]
[White "Kostiuk, Tatiana"]
[Black "Dolukhanova, Evgeniya"]
[Result "1-0"]
[WhiteElo "2313"]
[BlackElo "2251"]
[EventDate "2005.06.10"]
[PlyCount "97"]

1.d4 d5 2.c4 c6 3.Nf3 Nf6 4.e3 Bf5 5.Nc3 e6 6.Nh4 Bg6 7.Qb3 Qc7 8.Bd2 Nbd7
9.Nxg6 hxg6 10.h3 Be7 11.O-O-O a6 12.Kb1 b5 13.cxd5 cxd5 14.f3 O-O 15.g4 
Rfc8 16.Bd3 b4 17.Na4 a5 18.h4 Nb6 19.Nxb6 Qxb6 20.a4 Qd6 21.Be1 Nd7 22.g5
Nb6 23.f4 Nc4 24.Bd2 Rab8 25.Bc1 Qc6 26.Rh2 Nd6 27.Rdh1 Ne4 28.Bxe4 dxe4 
29.h5 Bf8 30.hxg6 fxg6 31.f5 Kf7 32.fxe6+ Qxe6 33.Rf2+ Ke7 34.d5 Qe5 35.
d6+ Kxd6 36.Rd1+ Kc6 37.Qf7 Kb6 38.Rd5 Qc7 39.Rb5+ Ka7 40.Rxa5+ Kb6 41.
Rb5+ Ka7 42.Qxc7+ Rxc7 43.Rxb8 Kxb8 44.Rxf8+ Ka7 45.Re8 Rc4 46.b3 Rc3 47.
Kb2 Kb6 48.Rxe4 Ka5 49.Bd2 1-0

[Event "6th EUR-ch (w)"]
[Site "Chisinau MDA"]
[Date "2005.06.21"]
[Round "10"]
[White "Kochetkova, Yulia"]
[Black "Rudolf, Anna"]
[Result "0-1"]
[WhiteElo "2311"]
[BlackElo "2210"]
[EventDate "2005.06.10"]
[PlyCount "120"]

1.e4 e6 2.d4 d5 3.Nd2 Nf6 4.e5 Nfd7 5.c3 c5 6.Bd3 Nc6 7.Ne2 cxd4 8.cxd4 f6
9.exf6 Nxf6 10.O-O Bd6 11.Nf3 Qc7 12.Bg5 O-O 13.Rc1 h6 14.Bd2 Bd7 15.Ng3 
Qb6 16.Bc3 Be8 17.Bb1 Bf4 18.Rc2 Bg6 19.Re2 Bxb1 20.Qxb1 Bxg3 21.hxg3 Rae8
22.Qd3 Ne4 23.Nd2 Nxd2 24.Rxd2 Rf6 25.Re2 Ref8 26.g4 Ne7 27.Bd2 Nc6 28.Be3
Nb4 29.Qd2 Rc8 30.a3 Nc6 31.Qd3 Na5 32.g5 hxg5 33.Bxg5 Rf5 34.Qg3 Rc6 35.
Rd1 Nb3 36.Bh6 Rf7 37.Be3 Rc4 38.Rde1 Rc6 39.Qg4 Rc4 40.Qg3 Rc6 41.Qb8+ 
Rf8 42.Qg3 Rf7 43.Rd1 Rc4 44.Ree1 a5 45.Rd3 a4 46.Rc3 Rxc3 47.bxc3 Qc7 48.
Qxc7 Rxc7 49.Bf4 Rc6 50.Re3 Nd2 51.Rg3 Ne4 52.Rg4 Nf6 53.Rh4 Rxc3 54.Bd6 
Ne4 55.Bb4 Rd3 56.f3 Ng3 57.Rg4 Nf5 58.Bc5 Rb3 59.Rf4 b6 60.g4 g5 0-1

[Event "6th EUR-ch (w)"]
[Site "Chisinau MDA"]
[Date "2005.06.21"]
[Round "10"]
[White "Susterman, Anja"]
[Black "Rohonyan, Kateryna"]
[Result "0-1"]
[WhiteElo "2250"]
[BlackElo "2309"]
[EventDate "2005.06.10"]
[PlyCount "198"]

1.e4 g6 2.d4 Bg7 3.Nc3 d6 4.Nf3 a6 5.Be3 b5 6.Qd2 Bb7 7.Bd3 Nd7 8.a4 b4 9.
Ne2 a5 10.c3 bxc3 11.Nxc3 Ngf6 12.Bh6 O-O 13.h3 c5 14.Bxg7 Kxg7 15.e5 Ng8 
16.Be4 Bxe4 17.Nxe4 cxd4 18.e6 Nc5 19.Qxd4+ f6 20.Nxc5 dxc5 21.Qxc5 Qd3 
22.Qd4 Qa6 23.Qe3 Rfb8 24.b3 Rb6 25.Nd4 Rd8 26.O-O-O Rdb8 27.Kb2 Rb4 28.
Nb5 R8xb5 29.axb5 Qxb5 30.Rd4 a4 31.Rxb4 Qxb4 32.Rd1 axb3 33.Qxb3 Qf4 34.
f3 Qe5+ 35.Kc2 Qg3 36.Rd2 Nh6 37.Qb7 Nf5 38.Qe4 h5 39.f4 h4 40.Re2 Qa3 41.
Re1 Qa2+ 42.Kc1 Qf2 43.Re2 Qc5+ 44.Rc2 Qa3+ 45.Kb1 Qa6 46.Rb2 Qf1+ 47.Ka2 
Nd6 48.Qa4 Qc1 49.Rc2 Qd1 50.Kb2 Qe1 51.Qd7 Nf5 52.Rc8 Qb4+ 53.Ka1 Qxf4 
54.Qe8 Kh6 55.Qc6 Qf1+ 56.Ka2 Qe2+ 57.Ka1 Qf1+ 58.Ka2 Kg5 59.Rb8 Qe2+ 60.
Rb2 Qe3 61.Qc4 Qf4 62.Qd3 Kh6 63.Qd7 Qc4+ 64.Ka3 Nd4 65.Qa4 Qxa4+ 66.Kxa4 
Nxe6 67.Kb4 Nf4 68.Kc4 e5 69.Kc3 Kg5 70.Rf2 f5 71.Kd2 Nh5 72.Ke3 Ng3 73.
Ra2 Nh5 74.Ra5 e4 75.Rb5 Nf4 76.Rb2 Nd5+ 77.Kd4 Nf6 78.Ke3 f4+ 79.Ke2 Nh5 
80.Rb5+ Kh6 81.Ra5 Ng3+ 82.Kf2 Nf5 83.Ra4 e3+ 84.Kf3 g5 85.Ra6+ Kh5 86.Ra4
Ng3 87.Ra5 Kg6 88.Ra6+ Kf5 89.Ra5+ Kf6 90.Rb5 Nf5 91.Rb6+ Ke5 92.Rb5+ Ke6 
93.Rb6+ Kd7 94.Rb4 Kd6 95.Kg4 e2 96.Rb1 Nd4 97.Kxg5 Ke5 98.Kg4 Nc2 99.Rb8 
Ne3+ 0-1

[Event "6th EUR-ch (w)"]
[Site "Chisinau MDA"]
[Date "2005.06.21"]
[Round "10"]
[White "Guseva, Marina"]
[Black "Ovod, Evgenia"]
[Result "0-1"]
[WhiteElo "2264"]
[BlackElo "2305"]
[EventDate "2005.06.10"]
[PlyCount "54"]

1.Nf3 Nf6 2.d4 e6 3.b3 c5 4.e3 Nc6 5.Bb2 d5 6.a3 Bd6 7.Bd3 Qc7 8.O-O e5 9.
Bb5 cxd4 10.exd4 e4 11.Ne5 O-O 12.Bxc6 bxc6 13.f4 exf3 14.Qxf3 Ne4 15.Qe3 
f6 16.Nf3 Bg4 17.Kh1 Rae8 18.Qg1 Bf4 19.Bc1 Bxc1 20.Rxc1 Qf4 21.Rf1 Qh6 
22.g3 Re6 23.h4 Rfe8 24.Kg2 Ng5 25.Nxg5 fxg5 26.Nc3 gxh4 27.Qf2 Rf6 0-1

[Event "6th EUR-ch (w)"]
[Site "Chisinau MDA"]
[Date "2005.06.21"]
[Round "10"]
[White "Moser, Eva"]
[Black "Padurariu, Ioana-Smaranda"]
[Result "1-0"]
[WhiteElo "2422"]
[BlackElo "2153"]
[EventDate "2005.06.10"]
[PlyCount "69"]

1.e4 e6 2.d4 d5 3.Nc3 Nf6 4.e5 Nfd7 5.f4 c5 6.Nf3 Nc6 7.Be3 a6 8.Qd2 b5 9.
a3 Qb6 10.Ne2 g6 11.dxc5 Bxc5 12.Ned4 Nxd4 13.Bxd4 Rb8 14.Be2 Bxd4 15.Qxd4
Nc5 16.O-O Na4 17.b3 Nc3 18.Bd3 Bd7 19.Rf2 Qxd4 20.Nxd4 Ke7 21.g4 f5 22.
exf6+ Kxf6 23.Re1 b4 24.a4 a5 25.Rf3 Rb6 26.Rfe3 Re8 27.h4 Bc8 28.g5+ Kf7 
29.f5 Bd7 30.fxe6+ Bxe6 31.Rf1+ Kg7 32.Rf6 Rd6 33.Rexe6 Rdxe6 34.Nxe6+ Kg8
35.Rf2 1-0

[Event "6th EUR-ch (w)"]
[Site "Chisinau MDA"]
[Date "2005.06.21"]
[Round "10"]
[White "Hagarova, Zuzana"]
[Black "Calotescu, Ana-Cristina"]
[Result "1-0"]
[WhiteElo "2386"]
[BlackElo "2268"]
[EventDate "2005.06.10"]
[PlyCount "111"]

1.e4 c5 2.Nf3 d6 3.d4 Nf6 4.Nc3 cxd4 5.Nxd4 a6 6.Bg5 e6 7.Qd3 Nc6 8.O-O-O 
Bd7 9.Be2 Rc8 10.Kb1 h6 11.Nxc6 Bxc6 12.Bf4 Be7 13.Bxd6 Bxd6 14.Qxd6 Nxe4 
15.Qxc6+ Rxc6 16.Rxd8+ Kxd8 17.Nxe4 f5 18.Rd1+ Ke7 19.Nd2 g5 20.c3 Rhc8 
21.Kc2 g4 22.h3 gxh3 23.g3 e5 24.Rh1 b5 25.Nf3 e4 26.Nd4 Rf6 27.Rxh3 b4 
28.Rxh6 bxc3 29.bxc3 Rcf8 30.Rh7+ R8f7 31.Rxf7+ Kxf7 32.Bc4+ Ke7 33.Kd2 f4
34.gxf4 Rxf4 35.Ke3 Rf6 36.Bd5 Kd6 37.Bxe4 Kc5 38.Bd3 Rh6 39.Nb3+ Kb6 40.
a4 Rh3+ 41.f3 Rh2 42.a5+ Ka7 43.f4 Rb2 44.Nc5 Ra2 45.Nxa6 Rxa5 46.Nb4 Kb6 
47.Kd4 Kc7 48.Nd5+ Kd6 49.c4 Ra3 50.c5+ Kc6 51.Nb4+ Kd7 52.Bf5+ Ke7 53.
Nd5+ Kd8 54.c6 Ra4+ 55.Kc5 Ra5+ 56.Kb6 1-0

[Event "6th EUR-ch (w)"]
[Site "Chisinau MDA"]
[Date "2005.06.21"]
[Round "10"]
[White "Celuskina, Irina"]
[Black "Fakhiridou, Ekaterini"]
[Result "1-0"]
[WhiteElo "2369"]
[BlackElo "2247"]
[EventDate "2005.06.10"]
[PlyCount "147"]

1.g3 g6 2.Bg2 Bg7 3.d4 d6 4.e4 c6 5.Ne2 Nd7 6.a4 Qc7 7.Nbc3 e5 8.h3 Nh6 9.
Be3 f6 10.g4 Nf7 11.O-O O-O 12.Ng3 Re8 13.a5 Nf8 14.d5 c5 15.Nb5 Qe7 16.
Qd2 Qd7 17.c4 Qd8 18.b4 Nd7 19.Rfb1 Bf8 20.Ne2 a6 21.Nbc3 cxb4 22.Rxb4 Nc5
23.Ng3 Rb8 24.Rb6 Qc7 25.Na4 Be7 26.Rbb1 Rf8 27.Nb6 Bd7 28.Ra2 Be8 29.Ne2 
Nd8 30.f4 exf4 31.Nxf4 g5 32.Ne2 Bg6 33.Ng3 Nf7 34.Qc3 Ne5 35.Rf1 Rbe8 36.
Nf5 Bxf5 37.Rxf5 Ng6 38.Raf2 Nh4 39.Bxc5 Qxc5 40.Nd7 Qa7 41.Rxf6 Ng6 42.
Rxf8+ Rxf8 43.Nxf8 Bxf8 44.Qf6 Qe3 45.Qf3 Qc1+ 46.Rf1 Qxc4 47.Qf7+ Kh8 48.
Qf6+ Kg8 49.Qxg5 Qc5+ 50.Kh1 Qxa5 51.Qf6 Qc7 52.e5 a5 53.Qe6+ Kg7 54.h4 
Qe7 55.Qf6+ Kg8 56.Qxe7 Bxe7 57.exd6 Bxd6 58.Rb1 Bb4 59.Rd1 Bd6 60.Rb1 Bb4
61.d6 Bxd6 62.Rxb7 Nxh4 63.Bd5+ Kh8 64.Be4 Ng6 65.Bxg6 hxg6 66.Rb6 Bc5 67.
Rxg6 a4 68.Ra6 a3 69.Kg2 Kg7 70.Kf3 Kf7 71.Ke4 Kg7 72.Kf5 Bf8 73.Ra7+ Kg8 
74.Kg6 1-0

[Event "6th EUR-ch (w)"]
[Site "Chisinau MDA"]
[Date "2005.06.21"]
[Round "10"]
[White "Makropoulou, Marina"]
[Black "Olarasu, Gabriela"]
[Result "1-0"]
[WhiteElo "2285"]
[BlackElo "2353"]
[EventDate "2005.06.10"]
[PlyCount "97"]

1.e4 e5 2.Nf3 Nc6 3.d4 exd4 4.Nxd4 Nf6 5.Nc3 Bb4 6.Nxc6 bxc6 7.Bd3 d5 8.
exd5 cxd5 9.O-O O-O 10.Bg5 c6 11.Ne2 Bg4 12.c3 Bd6 13.Qa4 Bxe2 14.Bxe2 h6 
15.Bh4 g5 16.Bg3 Bxg3 17.hxg3 Qb6 18.Qc2 Rfe8 19.Bd3 a5 20.b3 c5 21.Rfe1 
Kg7 22.Rad1 Re6 23.Bf5 Rxe1+ 24.Rxe1 Qd6 25.Qd2 Re8 26.Rxe8 Nxe8 27.a3 Qe5
28.Bd3 Nd6 29.f4 Qf6 30.Bc2 Nb5 31.Qxd5 Nxc3 32.Qd3 Qd4+ 33.Qxd4+ cxd4 34.
Kf2 Kf6 35.b4 axb4 36.axb4 Ke6 37.Bb3+ Kf6 38.Kf3 d3 39.Ke3 d2 40.Kxd2 
Ne4+ 41.Kd3 Nxg3 42.fxg5+ hxg5 43.b5 Nf5 44.b6 Ne7 45.Ba4 Nd5 46.b7 Nb4+ 
47.Kc4 Na6 48.Kb5 Nb8 49.Kb6 1-0